000 00623nam a22001817a 4500
005 20251108165518.0
008 250721s1985 xx 000 0 ara d
082 1 4 _aم/219/بيه
100 1 _aالبيهقي، أبو بكر أحمد بن الحسين الشافعي
245 1 0 _aدلائل النبوه و معرفة أحوال صاحب الشريعة /
264 1 _aبيروت :
_bدار الكتب العلمية،
_c1985.
300 _a
650 1 7 _aالسيرة النبوية
650 1 7 _aالإسلام
700 1 _aقلعجي، عبد المعطي
_eتحقيق
942 _2ddc
_cREF
999 _c29646
_d29646